Online
Catalog

The Debt crisis in Latin America. (Record no. 13920)

MARC details
000 -CABECERA
campo de control de longitud fija 00819cam a2200253 a 4500
001 - NÚMERO DE CONTROL
campo de control 000014325
005 - FECHA Y HORA DE LA ÚLTIMA TRANSACCIÓN
campo de control 20240604202930.0
008 - DATOS DE LONGITUD FIJA--INFORMACIÓN GENERAL
campo de control de longitud fija 870202s1986 sw a b 000 0 eng d
020 ## - NÚMERO INTERNACIONAL ESTÁNDAR DEL LIBRO
Número Internacional Estándar del Libro 9187134012
035 ## - NÚMERO DE CONTROL DEL SISTEMA
Número de control de sistema (DLC) 87108739
040 ## - FUENTE DE LA CATALOGACIÓN
Centro catalogador/agencia de origen DO-SdBNP
Lengua de catalogación eng
Centro/agencia transcriptor DLC
Centro/agencia modificador DLC
-- BNPHU
082 ## - NÚMERO DE LA CLASIFICACIÓN DECIMAL DEWEY
Número de clasificación 336.34358
Número de documento/Ítem D288c
049 ## - FONDOS LOCALES (OCLC)
Fondos de biblioteca BNGR
245 04 - MENCIÓN DE TÍTULO
Título The Debt crisis in Latin America.
260 ## - PUBLICACIÓN, DISTRIBUCIÓN, ETC.
Lugar de publicación, distribución, etc. Stockholm :
Nombre del editor, distribuidor, etc. Institute of Latin American Studies,
Fecha de publicación, distribución, etc. 1986.
300 ## - DESCRIPCIÓN FÍSICA
Extensión 199 p. :
Otras características físicas il. ;
Dimensiones 22 cm.
490 1# - MENCIÓN DE SERIE
Mención de serie Monographs
Designación de volumen o secuencia 13
650 #4 - PUNTO DE ACCESO ADICIONAL DE MATERIA--TÉRMINO DE MATERIA
Término de materia o nombre geográfico como elemento de entrada Deuda externa
Subdivisión geográfica América Latina
9 (RLIN) 9160
651 #4 - PUNTO DE ACCESO ADICIONAL DE MATERIA--NOMBRE GEOGRÁFICO
Nombre geográfico América Latina
Subdivisión general Relaciones Exteriores
9 (RLIN) 4075
650 #0 - PUNTO DE ACCESO ADICIONAL DE MATERIA--TÉRMINO DE MATERIA
Término de materia o nombre geográfico como elemento de entrada Finanzas internacionales
9 (RLIN) 7882
710 1# - PUNTO DE ACCESO ADICIONAL--NOMBRE DE ENTIDAD CORPORATIVA
Nombre de entidad corporativa o nombre de jurisdicción como elemento de entrada Latinamerika-institutet i Stockholm.
9 (RLIN) 32318
830 #0 - PUNTO DE ACCESO ADICIONAL DE SERIE-TÍTULO UNIFORME
Título uniforme Monographs ;
Designación de volumen o secuencia 13
9 (RLIN) 32319
910 ## - DATOS DE OPCIÓN DEL USUARIO (OCLC)
Datos de opción del usuario Catalogación por copia / LC
Holdings
Estado de retiro Estado de pérdida Restricciones de uso No para préstamo Código de colección Localización permanente Ubicación/localización actual Ubicación en estantería Fecha de adquisición Número de inventario Total de préstamos Signatura topográfica completa Código de barras Fecha visto por última vez Precio válido a partir de Tipo de ítem Koha Número de copia
        Monografías: Libros y Folletos General General En catalogación 09.12.2009 LF1   336.34358 D288c 14325-10 25.06.2020 25.06.2020 Préstamo en sala  
    Préstamo restringido Préstamo restrigido Monografías: Libros y Folletos General General En catalogación 09.12.2009 LF1   336.34358 D288c 14325-20 25.06.2020 25.06.2020 Préstamo en sala e.2

Powered by Koha